| 000 | 01016cab a2200229 4500 | ||
|---|---|---|---|
| 001 | ABS37508 | ||
| 008 | 090401t1987 xxu||||| |||| 00| 0 eng d | ||
| 035 | _a(Sirsi) u5007 | ||
| 041 | _aeng | ||
| 100 | _aKemp, P. | ||
| 245 | _aAssured tenancies in rental housing | ||
| 260 | _c1987 | ||
| 350 | _a0 | ||
| 490 |
_aHousing Review _v36(2) March-April 1987, 43-46(4) |
||
| 520 | _aExamines the results of the recent monitoring exercise undertaken by the DoE into the impact of the assured tenancy scheme, introduced by the Housing Act 1980 . The Housing and Planning Act 1986 has extended the scheme to include empty dwellings which are substantially improved, repaired or converted to encourage their use. Describes the main features of the scheme and the rules governing it. | ||
| 650 | _aHOUSING | ||
| 650 | _aPRIVATE RENTED SECTOR | ||
| 650 | _aPROPERTY-RESIDENTIAL PROPERTY-RESIDENTIAL LANDLORD AND TENANT-RESIDENTIAL TENANCIES | ||
| 690 |
_aBlock management _96220 |
||
| 942 | _n0 | ||
| 948 | _c04/03/1997 | ||
| 999 |
_c3013 _d3013 |
||